000 00635nam a2200265Ia 4500
008 160803s9999 xx 000 0 und d
020 _a978-0439436588
100 _aNix, Garth
245 _aLady Friday /
245 _cGarth Nix.
260 _aNew York :
260 _bScholastic Inc.
260 _c2007
300 _a304 pages ;
300 _c20 cm.
440 _aThe Keys to the kingdom ;
440 _vbk. 5.
650 _aMagic --
650 _aSoldiers --
650 _aSpace and time --
650 _xJuvenile fiction.
650 _xJuvenile fiction.
650 _xJuvenile fiction.
700 _a940
999 _c298692
_d298692